Bài tập ngữ pháp tiếng Hàn Trình độ nâng cao

Gồm 24 bài, đi sâu vào hướng dẫn các điểm ngữ pháp tiếng Hàn ở trình độ cao hơn như cách dùng các hậu tố bổ nghĩa, hậu tố cuối câu, hậu tố danh từ hóa, các liên từ, tiểu từ, và các trợ động từ; cách chia động từ ở các thể ca...

Ful tanımlama

Kaydedildi:
Detaylı Bibliyografya
Yazar: Nguyễn, Hoàng Thảo Ly
Materyal Türü: Kitap
Dil:Undetermined
Baskı/Yayın Bilgisi: H. Hồng Đức 2012
Konular:
Online Erişim:http://lrc.tdmu.edu.vn/opac/search/detail.asp?aID=2&ID=19049
Etiketler: Etiketle
Etiket eklenmemiş, İlk siz ekleyin!
Thư viện lưu trữ: Trung tâm Học liệu Trường Đại học Thủ Dầu Một
LEADER 01459nam a2200217Ia 4500
001 TDMU_19049
008 210410s9999 xx 000 0 und d
082 |a 495.75 076 
090 |b NG527 
100 |a Nguyễn, Hoàng Thảo Ly 
245 0 |a Bài tập ngữ pháp tiếng Hàn 
245 0 |b Trình độ nâng cao 
245 0 |c Nguyễn Hoàng Thảo Ly; Nhóm giảng viên tiếng Hàn (b.s) 
260 |a H. 
260 |b Hồng Đức 
260 |c 2012 
300 |a 343tr. 
520 |a Gồm 24 bài, đi sâu vào hướng dẫn các điểm ngữ pháp tiếng Hàn ở trình độ cao hơn như cách dùng các hậu tố bổ nghĩa, hậu tố cuối câu, hậu tố danh từ hóa, các liên từ, tiểu từ, và các trợ động từ; cách chia động từ ở các thể cầu khiến và bị động; cách diễn đạt sự cho phép, cấm đoán hay khả năng có thể làm được việc gì; cách trích dẫn các câu gián tiếp và trực tiếp. Sách có kèm theo đáp án các bài tập ở cuối câu. 
650 |a Tiếng Hàn  |x Ngữ pháp  |v Bài tập; Ngữ pháp tiếng Hàn 
856 |u http://lrc.tdmu.edu.vn/opac/search/detail.asp?aID=2&ID=19049 
980 |a Trung tâm Học liệu Trường Đại học Thủ Dầu Một